| 000 | 00653nam a22001577a 4500 | ||
|---|---|---|---|
| 008 | 170307b xxu||||| |||| 00| 0 eng d | ||
| 082 |
_22016 _aUT 0679 _bH42 |
||
| 100 |
_919073 _aHermosisima, Prince Segmond L. |
||
| 245 |
_aThe Availability of Micro Finance programs on Selected Bans In Digos City. _cPrince Segmond L. Hermosisima, Mary Grace N. Bravo and Jonnar S. Juntilla. |
||
| 300 |
_a53 pages; _b29 cm. |
||
| 650 | 0 |
_919074 _aBusiness Administration _vFinancial Management _xUndergraduate Thesis. |
|
| 700 |
_919075 _aHermosisima, Prince Segmond L. |
||
| 700 |
_919076 _aBravo, Mary Grace N. |
||
| 700 |
_919077 _aJuntilla, Jonnar S. |
||
| 942 |
_2ddc _cUT |
||
| 999 |
_c6351 _d6351 |
||